LEADER 01653nas 2200505-a 450 001 996214844903316 005 20230817213016.0 011 $a1533-8614 035 $a(OCoLC)48535356 035 $a(CKB)954925526817 035 $a(CONSER)--2001227385 035 $a(EXLCZ)99954925526817 100 $a20011205a19719999 s-- a 101 0 $aeng 135 $auran||||||||| 181 $ctxt$2rdacontent 182 $cc$2rdamedia 183 $acr$2rdacarrier 200 10$aJournal of Palestine studies 210 $aBeirut, Lebanon $cInstitute for Palestine Studies ;$aKuwait $cKuwait University$d1971- 210 3 $a2021- ;$aBoca Raton, FL $cTaylor & Francis Group 300 $aRefereed/Peer-reviewed 300 $aPublished for the Institute for Palestine Studies and Kuwait University by the University of California Press, 1989- 300 $aPlace of publication varies. 311 $a0377-919X 517 1 $aJPS 531 $aJ PALEST STUD 531 $aJ PALESTINE STUD 531 $aJ. PALEST. STUD 606 $aJewish-Arab relations$vPeriodicals 606 $aJewish-Arab relations$2fast$3(OCoLC)fst00983106 607 $aMiddle East 608 $aPeriodical 608 $aPeriodicals.$2fast 608 $aPeriodicals.$2lcgft 615 0$aJewish-Arab relations 615 7$aJewish-Arab relations. 676 $a327.5694 712 02$aJ?mi?at al-Kuwayt, 712 02$aInstitute for Palestine Studies (Washington, D.C.), 712 02$aMu?assasat al-Dir?s?t al-Filas??n?yah, 906 $aJOURNAL 912 $a996214844903316 996 $aJournal of palestine studies$9794521 997 $aUNISA LEADER 01859nas 2200541-a 450 001 9910893068503321 005 20260218110104.0 011 $a2261-1010 035 $a(CKB)991042728892024 035 $a(CONSER)---84647483- 035 $a(DE-599)ZDB2947458-9 035 $a(DE-599)2947458-9 035 $a(EXLCZ)99991042728892024 100 $a19841022b19842004 --- b 101 0 $afre 181 $ctxt$2rdacontent 182 $cc$2rdamedia 183 $acr$2rdacarrier 200 00$aAutres temps 210 $a[Paris] $c[Mouvement du christianisme social]$d1984- 215 $a1 online resource 300 $a"Les Cahiers du christianisme social." 300 $aTitle from cover. 311 08$aPrint version: Autres temps. 0753-2776 (DLC) 84647483 (OCoLC)11293168 606 $aEsglésia i problemes socials$vRevistes$2lemac 606 $aSociologia cristiana$vRevistes$2lemac 606 $aChristian sociology$vPeriodicals 606 $aChurch and social problems$vPeriodicals 606 $aSociologie religieuse$xChristianisme$vPériodiques 606 $aÉglise et problèmes sociaux$vPériodiques 606 $aChristian sociology$2fast$3(OCoLC)fst00859530 606 $aChurch and social problems$2fast$3(OCoLC)fst00860491 608 $aPeriodicals.$2fast 615 7$aEsglésia i problemes socials 615 7$aSociologia cristiana 615 0$aChristian sociology 615 0$aChurch and social problems 615 6$aSociologie religieuse$xChristianisme 615 6$aÉglise et problèmes sociaux 615 7$aChristian sociology. 615 7$aChurch and social problems. 676 $a261.8/05 712 02$aMouvement du christianisme social (France) 906 $aJOURNAL 912 $a9910893068503321 920 $aexl_impl conversion 996 $aAutres temps$9976544 997 $aUNINA